[Event "Samara op"]
[Site "Samara"]
[Date "2010.07.26"]
[Round "4"]
[White "Burkov, Viktor"]
[Black "Kalashnikova, Elena"]
[Result "1-0"]
[WhiteElo "2044"]
[BlackElo "1668"]
[PlyCount "71"]
[EventDate "2010.07.23"]
[EventType "swiss"]
[EventRounds "9"]
[EventCountry "RUS"]
[SourceTitle "EXT 2011"]
[Source "ChessBase"]
[SourceDate "2010.11.26"]
[SourceVersion "1"]
[SourceVersionDate "2010.11.26"]
[SourceQuality "1"]

1. e4 c6 2. d4 d5 3. e5 Bf5 4. h4 h5 5. Ne2 e6 6. Ng3 Bg6 7. Be2 Be7 8. Bxh5 Bxh5 9. Nxh5 g6 10. Nf4 Rxh4 11. Rxh4 Bxh4 12. Qd3 Ne7 13. c3 Nf5 14. Nd2 g5 15. Nh5 g4 16. Nf1 Nd7 17. g3 Bg5 18. Bf4 Bxf4 19. Nxf4 Qa5 20. b4 Qa4 21. Qd1 Qa6 22. a4 Nb6 23. a5 Nc4 24. Qxg4 0-0-0 25. Qh5 Rf8 26. g4 Ne7 27. Qg5 Ng6 28. Nxg6 fxg6 29. Qe7 Rf3 30. Qxe6+ Kc7 31. Qe7+ Kc8 32. e6 b6 33. Qd7+ Kb8 34. e7 Re3+ 35. Nxe3 Nxe3 36. e8Q+ 1-0

[Event "Samara op"]
[Site "Samara"]
[Date "2010.07.25"]
[Round "3"]
[White "Alieva, Viktoria"]
[Black "Burkov, Viktor"]
[Result "0-1"]
[WhiteElo "1464"]
[BlackElo "2044"]
[PlyCount "98"]
[EventDate "2010.07.23"]
[EventType "swiss"]
[EventRounds "9"]
[EventCountry "RUS"]
[SourceTitle "EXT 2011"]
[Source "ChessBase"]
[SourceDate "2010.11.26"]
[SourceVersion "1"]
[SourceVersionDate "2010.11.26"]
[SourceQuality "1"]

1. e4 c5 2. Nf3 a6 3. d4 cxd4 4. Nxd4 Nf6 5. Nc3 e5 6. Nf5 d5 7. Ng3 d4 8. Nce2 h5 9. f4 h4 10. Nf5 Nxe4 11. g4 Bb4+ 12. c3 dxc3 13. Nxg7+ Ke7 14. Qxd8+ Rxd8 15. bxc3 Nxc3 16. Bd2 Nd5 17. Bxb4+ Nxb4 18. Kf2 Bxg4 19. Rg1 Nd3+ 20. Ke3 Bxe2 21. Bxe2 Nxf4 22. Nf5+ Kf6 23. Nxh4 Nc6 24. Rab1 Nxe2 25. Kxe2 b5 26. Rbc1 Rac8 27. Nf3 Nb4 28. a3 Nd3 29. Rxc8 Nf4+ 30. Ke3 Rxc8 31. Rd1 Rc3+ 32. Ke4 Rxa3 33. Nxe5 Ra4+ 34. Rd4 Rxd4+ 35. Kxd4 a5 36. Nc6 a4 37. Nb4 Ne6+ 38. Kd5 Kf5 39. Kc6 Nd4+ 40. Kc5 Ke4 41. h4 f5 42. h5 a3 43. h6 Ne6+ 44. Kxb5 Ng5 45. Ka4 f4 46. Kxa3 f3 47. Na2 f2 48. Nc3+ Kd3 49. Nd1 f1Q 0-1

[Event "Samara op"]
[Site "Samara"]
[Date "2010.07.24"]
[Round "2"]
[White "Burkov, Viktor"]
[Black "Rotmistrov, Alexander"]
[Result "0-1"]
[WhiteElo "2044"]
[BlackElo "1745"]
[PlyCount "92"]
[EventDate "2010.07.23"]
[EventType "swiss"]
[EventRounds "9"]
[EventCountry "RUS"]
[SourceTitle "EXT 2011"]
[Source "ChessBase"]
[SourceDate "2010.11.26"]
[SourceVersion "1"]
[SourceVersionDate "2010.11.26"]
[SourceQuality "1"]

1. e4 e6 2. d4 d5 3. Nd2 a6 4. e5 c5 5. c3 Nc6 6. f4 cxd4 7. cxd4 Nxd4 8. Qa4+ Nc6 9. a3 Nh6 10. Bd3 Qb6 11. Ndf3 Be7 12. b4 0-0 13. Qc2 g6 14. h4 Nf5 15. g4 Ne3 16. Qf2 Nc4 17. Qxb6 Nxb6 18. h5 f5 19. exf6 Bxf6 20. Ra2 Bc3+ 21. Kd1 e5 22. fxe5 Bxg4 23. Kc2 Bxf3 24. Nxf3 Rxf3 25. Kxc3 Nxe5 26. Rd2 d4+ 27. Kxd4 Nxd3 28. Ke4 Rg3 29. hxg6 hxg6 30. Rdh2 Nxc1 31. Rh8+ Kg7 32. Rxa8 Nxa8 33. Rxc1 Rh3 34. Rd1 Nb6 35. Rd6 Nc4 36. Rd7+ Kh6 37. Rc7 b5 38. a4 bxa4 39. Ra7 a3 40. Rxa6 Nd2+ 41. Kd5 Nb1 42. Kc4 Rc3+ 43. Kb5 Nd2 44. Ra4 Nc4 45. Ka6 g5 46. b5 Kh5 0-1

[Event "Samara-ch"]
[Site "Samara"]
[Date "2009.04.21"]
[Round "5"]
[White "Burkov, Viktor"]
[Black "Glotov, Sergey"]
[Result "1-0"]
[WhiteElo "2039"]
[BlackElo "1729"]
[PlyCount "91"]
[EventDate "2009.04.07"]
[EventType "swiss"]
[EventRounds "9"]
[EventCountry "RUS"]
[SourceTitle "EXT 2012"]
[Source "ChessBase"]
[SourceDate "2011.11.24"]
[SourceVersion "1"]
[SourceVersionDate "2011.11.24"]
[SourceQuality "1"]

1. e4 e5 2. Nf3 Nc6 3. Bb5 a6 4. Ba4 Nf6 5. d4 b5 6. Bb3 Nxd4 7. Nxd4 exd4 8. e5 Ne4 9. Qf3 d5 10. exd6 f5 11. dxc7 Qxc7 12. 0-0 Bd7 13. Bf4 Bd6 14. Bxd6 Qxd6 15. Nd2 0-0-0 16. Nxe4 fxe4 17. Qxe4 Bc6 18. Qg4+ Kb8 19. Qxg7 Rhf8 20. Rae1 Rd7 21. Qe5 a5 22. Qxd6+ Rxd6 23. Re7 Rg6 24. g3 h5 25. Rh7 Bf3 26. Re1 a4 27. Bf7 Rg5 28. Re7 Rc5 29. Bg6 Rfc8 30. Rd7 Re5 31. Rhe7 Rxe7 32. Rxe7 h4 33. Re5 Bc6 34. gxh4 Kc7 35. h5 Kd6 36. Rg5 b4 37. h6 Bd5 38. h7 Bxa2 39. Kg2 Bd5+ 40. Kg3 a3 41. bxa3 bxa3 42. Rxd5+ Kxd5 43. Bf7+ Kd6 44. Bg8 a2 45. Bxa2 Rh8 46. Bg8 1-0

[Event "Samara-ch"]
[Site "Samara"]
[Date "2009.04.14"]
[Round "3"]
[White "Burkov, Viktor"]
[Black "Krylov, Leonid"]
[Result "1/2-1/2"]
[WhiteElo "2039"]
[BlackElo "1893"]
[PlyCount "155"]
[EventDate "2009.04.07"]
[EventType "swiss"]
[EventRounds "9"]
[EventCountry "RUS"]
[SourceTitle "EXT 2012"]
[Source "ChessBase"]
[SourceDate "2011.11.24"]
[SourceVersion "1"]
[SourceVersionDate "2011.11.24"]
[SourceQuality "1"]

1. e4 e5 2. Nf3 Nf6 3. d3 Nc6 4. Nc3 Bb4 5. Bd2 Bxc3 6. Bxc3 d6 7. Be2 Bg4 8. h3 Bh5 9. g4 Bg6 10. Qd2 Qe7 11. 0-0-0 0-0-0 12. Qg5 h6 13. Qh4 Rhe8 14. Rhe1 d5 15. exd5 Nxd5 16. Qxe7 Rxe7 17. Bd2 f6 18. Nh4 Bh7 19. Bf3 Red7 20. Be4 Bxe4 21. Rxe4 Nde7 22. Rde1 g5 23. Nf3 Nd4 24. Nxd4 Rxd4 25. Bc3 Rxe4 26. Rxe4 Nd5 27. Bd2 Nf4 28. Bxf4 gxf4 29. Kd2 Kd7 30. Ke2 Ke6 31. Ra4 a6 32. Rb4 b6 33. Ra4 a5 34. a3 Kd5 35. Kf3 c5 36. b4 cxb4 37. axb4 Ra8 38. Ke2 Ra7 39. f3 Ra8 40. Kd2 Ra7 41. c3 Ra8 42. Kc2 Ra7 43. Kb3 Ra8 44. bxa5 bxa5 45. Ka3 Ra7 46. Kb3 Rb7+ 47. Kc2 Ra7 48. Kd2 Ra8 49. Kc2 Ra7 50. Kb3 Rb7+ 51. Ka2 Ra7 52. Rc4 Ra8 53. Rc7 h5 54. d4 hxg4 55. hxg4 Rh8 56. g5 fxg5 57. Rc5+ Kd6 58. Rxe5 g4 59. fxg4 Rf8 60. Re2 Kd5 61. Kb3 a4+ 62. Kb4 f3 63. Re5+ Kd6 64. Re1 f2 65. Rf1 Kd5 66. g5 Ke4 67. g6 Ke3 68. g7 Rg8 69. d5 Rxg7 70. c4 Rg1 71. Rxf2 Kxf2 72. Kxa4 Ke3 73. Kb5 Kd4 74. d6 Rg5+ 75. Kc6 Kxc4 76. d7 Rg8 77. Kc7 Kd5 78. d8Q+ 1/2-1/2

[Event "Samara Elo 03"]
[Site "Samara"]
[Date "2009.03.??"]
[Round "6"]
[White "Burkov, Viktor"]
[Black "Lutsky, Yury Aber"]
[Result "0-1"]
[WhiteElo "2039"]
[BlackElo "2085"]
[PlyCount "58"]
[EventDate "2009.03.??"]
[EventType "tourn"]
[EventRounds "11"]
[EventCountry "RUS"]
[SourceTitle "EXT 2012"]
[Source "ChessBase"]
[SourceDate "2011.11.24"]
[SourceVersion "1"]
[SourceVersionDate "2011.11.24"]
[SourceQuality "1"]

1. e4 d6 2. d4 Nf6 3. f3 g6 4. c4 Bg7 5. Be3 0-0 6. Nc3 c6 7. Qd2 Re8 8. 0-0-0 Qa5 9. Kb1 a6 10. Bd3 b5 11. g4 Nbd7 12. h4 h5 13. g5 Nh7 14. f4 c5 15. Nf3 cxd4 16. Nxd4 Nc5 17. f5 Bb7 18. cxb5 axb5 19. Bxb5 Nxe4 20. Qe2 Nxc3+ 21. bxc3 Bxh1 22. Rxh1 Qxc3 23. fxg6 fxg6 24. Bc4+ Kh8 25. Rc1 Rab8+ 26. Nb3 Qa1+ 27. Kc2 Qxa2+ 28. Kd1 Qxe2+ 29. Kxe2 Nf8 0-1

[Event "Samara Elo 03"]
[Site "Samara"]
[Date "2009.03.??"]
[Round "7"]
[White "Chernov, Yury"]
[Black "Burkov, Viktor"]
[Result "0-1"]
[WhiteElo "2254"]
[BlackElo "2039"]
[PlyCount "58"]
[EventDate "2009.03.??"]
[EventType "tourn"]
[EventRounds "11"]
[EventCountry "RUS"]
[SourceTitle "EXT 2012"]
[Source "ChessBase"]
[SourceDate "2011.11.24"]
[SourceVersion "1"]
[SourceVersionDate "2011.11.24"]
[SourceQuality "1"]

1. e4 c5 2. Nf3 a6 3. d4 cxd4 4. Nxd4 Nf6 5. Nc3 e5 6. Nf3 Bb4 7. Bd2 0-0 8. Bd3 d6 9. Qe2 Nbd7 10. h3 Nc5 11. a3 Bxc3 12. Bxc3 b5 13. Bb4 Qc7 14. 0-0 Bb7 15. Nd2 Ne6 16. Nb3 Nf4 17. Qd2 Bxe4 18. f3 Bxd3 19. cxd3 N6d5 20. Ba5 Qa7+ 21. Kh2 Ne3 22. Rg1 Rac8 23. d4 Nc2 24. Rad1 Nxd4 25. Nxd4 Qxd4 26. Qxd4 exd4 27. Rxd4 Ne2 28. Rxd6 Nxg1 29. Kxg1 Rc1+ 0-1

[Event "Samara Elo 03"]
[Site "Samara"]
[Date "2009.03.??"]
[Round "8"]
[White "Kryukov, Viktor Vas"]
[Black "Burkov, Viktor"]
[Result "0-1"]
[WhiteElo "1938"]
[BlackElo "2039"]
[PlyCount "68"]
[EventDate "2009.03.??"]
[EventType "tourn"]
[EventRounds "11"]
[EventCountry "RUS"]
[SourceTitle "EXT 2012"]
[Source "ChessBase"]
[SourceDate "2011.11.24"]
[SourceVersion "1"]
[SourceVersionDate "2011.11.24"]
[SourceQuality "1"]

1. c4 Nf6 2. Nc3 e6 3. g3 d5 4. cxd5 exd5 5. e3 c6 6. Bg2 g6 7. Nge2 Bg7 8. 0-0 0-0 9. d3 Na6 10. Nd4 c5 11. Nb3 Bg4 12. f3 Be6 13. Bd2 Qd7 14. d4 c4 15. Nc1 Nc7 16. N1e2 b5 17. a3 a5 18. Rc1 Nh5 19. g4 Nf6 20. h3 Nfe8 21. f4 f5 22. g5 Nd6 23. Ng3 Rfe8 24. h4 Bf7 25. Re1 Reb8 26. h5 b4 27. hxg6 hxg6 28. Na4 Na6 29. Re2 Nb5 30. Be1 Bf8 31. axb4 axb4 32. b3 c3 33. Qd3 Nac7 34. Ra2 Na3 0-1

[Event "Samara op"]
[Site "Samara"]
[Date "2008.12.08"]
[Round "4"]
[White "Solomin, Maxim"]
[Black "Burkov, Viktor"]
[Result "0-1"]
[WhiteElo "1912"]
[BlackElo "2032"]
[PlyCount "27"]
[EventDate "2008.12.05"]
[EventType "swiss"]
[EventRounds "9"]
[EventCountry "RUS"]
[SourceTitle "CBM 127 Extra"]
[Source "ChessBase"]
[SourceDate "2009.01.08"]
[SourceVersion "2"]
[SourceVersionDate "2009.01.28"]
[SourceQuality "1"]

1. d4 d5 2. c4 e6 3. Nc3 Nf6 4. cxd5 exd5 5. Bg5 Nbd7 6. e3 Bb4 7. Bd3 c5 8. Nge2 c4 9. Bb1 h6 10. Bh4 0-0 11. f3 Re8 12. Bf2 a6 13. 0-0 Nf8 14. h3 0-1

[Event "Samara Rating SCC"]
[Site "Samara"]
[Date "2008.09.??"]
[Round "6"]
[White "Burkov, Viktor"]
[Black "Krylov, Leonid"]
[Result "1-0"]
[WhiteElo "2039"]
[BlackElo "1879"]
[PlyCount "115"]
[EventDate "2008.09.10"]
[EventType "tourn"]
[EventRounds "9"]
[EventCountry "RUS"]
[SourceTitle "EXT 2022"]
[Source "ChessBase"]
[SourceDate "2021.10.06"]
[SourceVersion "1"]
[SourceVersionDate "2021.10.06"]
[SourceQuality "1"]

1. e4 e5 2. Nf3 Nf6 3. Nc3 Nc6 4. Bb5 d6 5. d4 Bd7 6. d5 Ne7 7. Bd3 c6 8. Bg5 cxd5 9. exd5 Ng6 10. 0-0 Be7 11. Qd2 0-0 12. h3 a6 13. a4 Nh5 14. Bxe7 Qxe7 15. Rfe1 Nhf4 16. Bf1 f5 17. g3 Nh5 18. a5 Qf6 19. Na4 h6 20. Nb6 Rad8 21. Ra3 Qf7 22. Qb4 f4 23. g4 Nf6 24. g5 Nh7 25. gxh6 gxh6 26. Kh2 Ng5 27. Nxg5 hxg5 28. Bd3 Bf5 29. Bxf5 Qxf5 30. Qe4 Qxe4 31. Rxe4 Kg7 32. Rc3 Rf7 33. Rec4 Kf6 34. Rc7 e4 35. Kg2 Nh4+ 36. Kf1 Rxc7 37. Rxc7 Ke5 38. c3 Nf5 39. Rh7 e3 40. f3 Nh4 41. Re7+ Kf6 42. Re6+ Kf5 43. Ke2 Ng6 44. Nc4 Ne5 45. Nxd6+ Rxd6 46. Rxd6 Nc4 47. Rd7 Nxa5 48. b4 Nb3 49. Rxb7 Ke5 50. Rg7 Kf6 51. Ra7 Ke5 52. Rxa6 Kxd5 53. Ra3 Nc1+ 54. Kf1 Kc4 55. Ra1 Nb3 56. Ra3 Kxc3 57. Rxb3+ Kxb3 58. b5 1-0

[Event "Samara Rating SCC"]
[Site "Samara"]
[Date "2008.09.??"]
[Round "2"]
[White "Sorochan, Dmitry Vladimirovic"]
[Black "Burkov, Viktor"]
[Result "0-1"]
[WhiteElo "2098"]
[BlackElo "2039"]
[PlyCount "70"]
[EventDate "2008.09.10"]
[EventType "tourn"]
[EventRounds "9"]
[EventCountry "RUS"]
[SourceTitle "EXT 2022"]
[Source "ChessBase"]
[SourceDate "2021.10.06"]
[SourceVersion "1"]
[SourceVersionDate "2021.10.06"]
[SourceQuality "1"]

1. e4 c5 2. c3 Nf6 3. e5 Nd5 4. d4 e6 5. Nf3 cxd4 6. Qxd4 Nc6 7. Qe4 f5 8. exf6 Nxf6 9. Qh4 d5 10. Bg5 Be7 11. Nbd2 Bd7 12. Bd3 e5 13. Bxf6 Bxf6 14. Qh5+ g6 15. Bxg6+ hxg6 16. Qxg6+ Ke7 17. 0-0-0 Qg8 18. Qc2 e4 19. Nxe4 dxe4 20. Qxe4+ Be6 21. Rhe1 Re8 22. Nd4 Nxd4 23. Qxb7+ Kf8 24. cxd4 Bg5+ 25. Kb1 Qh7+ 26. Qxh7 Rxh7 27. h3 Bf5+ 28. Ka1 Rxe1 29. Rxe1 Bf6 30. a3 Bxd4 31. Ka2 Bxf2 32. Re5 Rf7 33. g4 Bg6 34. Re6 Kg7 35. a4 Rf3 0-1

[Event "Zhigulevskie prostory op"]
[Site "Samara"]
[Date "2008.07.28"]
[Round "4"]
[White "Purygin, Andrei"]
[Black "Burkov, Viktor"]
[Result "1-0"]
[WhiteElo "2291"]
[BlackElo "2039"]
[PlyCount "93"]
[EventDate "2008.07.25"]
[EventType "swiss"]
[EventRounds "9"]
[EventCountry "RUS"]
[SourceTitle "EXT 2022"]
[Source "ChessBase"]
[SourceDate "2021.10.06"]
[SourceVersion "1"]
[SourceVersionDate "2021.10.06"]
[SourceQuality "1"]

1. d4 d5 2. c4 e6 3. Nc3 Nf6 4. Bg5 Nbd7 5. e3 Bb4 6. Nf3 c5 7. cxd5 exd5 8. Qc2 Qa5 9. Bd3 c4 10. Bf5 Bxc3+ 11. bxc3 Nc5 12. 0-0 Nce4 13. Bxc8 Rxc8 14. Bxf6 Nxf6 15. Ne5 0-0 16. f3 Rfe8 17. e4 Qc7 18. Rab1 b6 19. a4 Re6 20. Rb5 Qb7 21. Re1 a6 22. Rb4 b5 23. Qb1 Rb6 24. Re2 Rb8 25. Reb2 dxe4 26. Nxc4 Re6 27. axb5 a5 28. Nxa5 Qc7 29. Nc6 Rbe8 30. Rc4 Qf4 31. Ne5 exf3 32. g3 Qe3+ 33. Kf1 Ne4 34. Qd1 Nxc3 35. Qd2 Qe2+ 36. Qxe2 fxe2+ 37. Ke1 f6 38. Rxc3 fxe5 39. d5 Rb6 40. Kxe2 Rd8 41. Rc5 Kf7 42. Ke3 Ke7 43. Ke4 Kd6 44. Rbc2 Rdb8 45. Rc6+ Rxc6 46. Rxc6+ Kd7 47. b6 1-0

[Event "Zhigulevskie prostory op"]
[Site "Samara"]
[Date "2008.07.25"]
[Round "1"]
[White "Burkov, Viktor"]
[Black "Kuzmicheva, Vera"]
[Result "1-0"]
[WhiteElo "2039"]
[BlackElo "1941"]
[PlyCount "47"]
[EventDate "2008.07.25"]
[EventType "swiss"]
[EventRounds "9"]
[EventCountry "RUS"]
[SourceTitle "EXT 2022"]
[Source "ChessBase"]
[SourceDate "2021.10.06"]
[SourceVersion "1"]
[SourceVersionDate "2021.10.06"]
[SourceQuality "1"]

1. e4 e5 2. f4 exf4 3. Be2 Qh4+ 4. Kf1 Nc6 5. d4 d6 6. Nf3 Qf6 7. Nc3 g5 8. Nd5 Qd8 9. h4 g4 10. Ne1 Nf6 11. Nxf6+ Qxf6 12. c3 h5 13. Qa4 Bd7 14. Qb3 b6 15. Ba6 Qe7 16. Qd5 Qe6 17. Bb7 Qxd5 18. exd5 Rb8 19. Bxc6 Bh6 20. Nd3 Bxc6 21. dxc6 f6 22. Bxf4 Bg7 23. Re1+ Kf7 24. d5 1-0

[Event "Samara Region-ch FL"]
[Site "Samara"]
[Date "2007.12.15"]
[Round "1"]
[White "Krylov, Leonid"]
[Black "Burkov, Viktor"]
[Result "0-1"]
[WhiteElo "1891"]
[BlackElo "2061"]
[PlyCount "120"]
[EventDate "2007.12.15"]
[EventType "swiss"]
[EventRounds "9"]
[EventCountry "RUS"]
[SourceTitle "EXT 2022"]
[Source "ChessBase"]
[SourceDate "2021.10.06"]
[SourceVersion "1"]
[SourceVersionDate "2021.10.06"]
[SourceQuality "1"]

1. e4 c5 2. Nf3 a6 3. d4 cxd4 4. Nxd4 Nf6 5. Nc3 e5 6. Nb3 Bb4 7. Bd3 d5 8. exd5 e4 9. Be2 Nxd5 10. Bd2 Nxc3 11. bxc3 Bd6 12. 0-0 Qc7 13. g3 Bh3 14. Re1 0-0 15. Bg4 Bxg4 16. Qxg4 f5 17. Qe2 Nd7 18. Rad1 Rae8 19. Nd4 f4 20. Qg4 Nf6 21. Qh3 e3 22. fxe3 fxg3 23. hxg3 Ne4 24. Ne6 Qc8 25. Nf4 Qxh3 26. Nxh3 Bxg3 27. Rf1 Rxf1+ 28. Kxf1 Rd8 29. Ke2 Be5 30. c4 g5 31. Ba5 Rxd1 32. Kxd1 g4 33. Nf4 Bxf4 34. exf4 Kf7 35. Ke2 Ke6 36. Ke3 Kf5 37. Bd8 h5 38. a4 Nc5 39. Bb6 Ne6 40. a5 h4 41. Ba7 h3 42. Kf2 Nxf4 43. Kg3 Nh5+ 44. Kh2 Ke4 45. Bb6 Kf3 46. Ba7 Ke2 47. c3 Kd3 48. Bb6 Kxc3 49. Bc7 Kxc4 50. Bb6 Kb5 51. Bc7 Kc4 52. Bb6 Kd5 53. Bc7 Ke4 54. Bb6 Kf3 55. Ba7 Nf4 56. Bb6 g3+ 57. Kh1 Nd3 58. Ba7 Nf2+ 59. Bxf2 gxf2 60. Kh2 f1R 0-1

[Event "Samara Zhigulevskie Prostory op"]
[Site "Samara"]
[Date "2007.07.26"]
[Round "7"]
[White "Burkov, Viktor"]
[Black "Elistratov, Ilia"]
[Result "0-1"]
[WhiteElo "2057"]
[BlackElo "2212"]
[PlyCount "66"]
[EventDate "2007.07.20"]
[EventType "swiss"]
[EventRounds "9"]
[EventCountry "RUS"]
[SourceTitle "EXT 2022"]
[Source "ChessBase"]
[SourceDate "2021.10.06"]
[SourceVersion "1"]
[SourceVersionDate "2021.10.06"]
[SourceQuality "1"]

1. e4 e5 2. Nf3 Nc6 3. Bb5 a6 4. Ba4 Nf6 5. d4 exd4 6. 0-0 Be7 7. Re1 b5 8. e5 Nxe5 9. Rxe5 bxa4 10. Nxd4 0-0 11. Bg5 Nd5 12. Bxe7 Nxe7 13. Nc3 a3 14. b3 Ng6 15. Re3 Bb7 16. Qg4 f5 17. Qd1 f4 18. Rh3 Qf6 19. Qd3 Rae8 20. Nf3 Be4 21. Qd2 Bf5 22. Rh5 Re6 23. Rd1 Bg4 24. Rd5 Bxf3 25. gxf3 Ne5 26. Rxe5 Qxe5 27. Ne4 Qh5 28. Qxd7 Rg6+ 29. Kf1 Qxf3 30. Qd5+ Kh8 31. Ng5 Qxd5 32. Rxd5 Rd6 33. Rc5 f3 0-1